Music Quiz

Random Music or Lyrics Quiz

Acronyms in Song Lyrics Quiz Stats

 Plays Quiz Updated Nov 21, 2019

Score 0/22 Timer 05:00
15 Plays Today
% Correct
YMCA
93.7%
DOA
90%
JFK
87.7%
LAX
86.1%
USA
85.7%
MTV
81.5%
KKK
79.2%
NFL
78.5%
DVD
77.8%
DNA
77.6%
DJ
77%
% Correct
TNT
76.9%
IBM
75.4%
FEMA
75.1%
POSH
74.2%
GULAG
73.1%
NBA
72%
CSI
71.1%
UFO
65.5%
VA
62.4%
NYPD
61.4%
SOS
60.1%

You're not logged in!

Compare scores with friends on all Sporcle quizzes.
OR
Log In

Sporcle TV

Today on Sporcle TV


Watch our educational content, quiz creation guides, and fun videos on Sporcle TV.

Show Comments

Extras

Top Quizzes Today


Score Distribution

Your Account Isn't Verified!

In order to create a playlist on Sporcle, you need to verify the email address you used during registration. Go to your Sporcle Settings to finish the process.

Report this User

Report this user for behavior that violates our Community Guidelines.

Details: